[Event "Druzynowe Mistrzostwa Polski Juniorow - I Liga 2018"]
[Site "Kudowa-Zdroj"]
[Date "1899-12-30"]
[Round "8.25"]
[White "Teclaf, Pawel"]
[Black "Golenia, Jan"]
[Result "1/2-1/2"]
[WhiteTitle "CM"]
[BlackTitle "I"]
[WhiteElo "2399"]
[BlackElo "1986"]

1. e4 e5 2. Nf3 Nc6 3. Bb5 a6 4. Ba4 Nf6 5. Qe2 b5 6. Bb3 Bc5 7. d3 d6 8. c3 O-O
9. Bg5 h6 10. Bh4 Qe7 11. Nbd2 Nb8 12. d4 Bb6 13. a4 c6 14. Bc2 Nbd7 15. b4 Re8
16. O-O g5 17. Bg3 Nh5 18. d5 Bb7 19. dxc6 Bxc6 20. axb5 axb5 21. Bd3 Rab8 22.
Ne1 Nf4 23. Bxf4 exf4 24. Kh1 Ne5 25. Nef3 Ng6 26. Nd4 Bxd4 27. cxd4 d5 28. Rac1
Ba8 29. Bxb5 dxe4 30. Bxe8 Rxe8 31. Rc5 Qb7 32. f3 Qxb4 33. Nxe4 Bxe4 34. fxe4
Qxd4 35. Rc4 Qf6 36. Qc2 Qe6 37. Rc1 Kg7 38. Qc3+ Qe5 39. Qf3 Ra8 40. Qf2 Ra1
41. Qe1 Ra2 42. R4c2 Ra4 43. Rc4 Ra2 44. Rc5 Qd4 45. R5c4 Qe5 1/2-1/2

[Event "Druzynowe Mistrzostwa Polski Juniorow - I Liga 2018"]
[Site "Kudowa-Zdroj"]
[Date "1899-12-30"]
[Round "8.26"]
[White "Golenia, Wojciech"]
[Black "Galuszka, Tomasz"]
[Result "1/2-1/2"]
[WhiteTitle "I++"]
[BlackTitle "I+"]
[WhiteElo "1984"]
[BlackElo "1989"]

1. Nf3 Nf6 2. c4 c6 3. b3 d5 4. Bb2 Bf5 5. g3 e6 6. Bg2 h6 7. O-O Nbd7 8. d4 Be7
9. Nc3 O-O 10. Nd2 Re8 11. e4 dxe4 12. Ndxe4 Nxe4 13. Nxe4 Nf6 14. Nc5 Qc7 15.
Qe2 Rad8 16. Nd3 Nd7 17. Rad1 Bf6 18. g4 Bxd3 19. Rxd3 Nf8 20. f4 c5 21. Qf2 Bxd4
22. Bxd4 Rxd4 23. Rxd4 cxd4 24. Qxd4 b6 25. Rd1 Re7 26. Qd6 Qxd6 27. Rxd6 Rd7
28. Rxd7 Nxd7 29. Kf2 Kf8 30. Bc6 Nc5 31. Ke3 a5 32. Be4 Ke7 33. Bc2 Kd6 34. Kd4
g5 35. fxg5 hxg5 36. a3 f6 37. b4 axb4 38. axb4 Na6 39. Kc3 Ke5 40. Bd3 Kf4 41.
c5 bxc5 42. Bxa6 cxb4+ 43. Kxb4 Kxg4 44. Bc8 Kh3 45. Bxe6+ Kxh2 46. Kc3 Kg3 47.
Kd3 Kf3 48. Bd5+ Kf2 1/2-1/2

[Event "Druzynowe Mistrzostwa Polski Juniorow - I Liga 2018"]
[Site "Kudowa-Zdroj"]
[Date "1899-12-30"]
[Round "8.27"]
[White "Adamczyk, Zuzanna"]
[Black "Wrona, Florian"]
[Result "1-0"]
[WhiteTitle "I++"]
[BlackTitle "I"]
[WhiteElo "1722"]
[BlackElo "1660"]

1. e4 e5 2. Nf3 Nc6 3. d4 exd4 4. Nxd4 Bc5 5. Be3 Qf6 6. c3 Nge7 7. g3 d6 8. Bg2
O-O 9. O-O Bb6 10. f4 Nxd4 11. Bxd4 Bxd4+ 12. Qxd4 Qxd4+ 13. cxd4 c6 14. Nc3 g6
15. Rfe1 Bd7 16. Rad1 f5 17. d5 Rad8 18. e5 dxe5 19. fxe5 Nxd5 20. Nxd5 cxd5 21.
Bxd5+ Kg7 22. e6 Bc6 23. e7 Rxd5 24. Rxd5 Bxd5 25. exf8=Q+ Kxf8 26. b3 Kf7 27.
Re5 Be4 28. Kf2 Kf6 29. Re8 h6 30. Ke3 Bb1 31. a3 a6 32. Rh8 Kg5 33. Rh7 Be4 34.
h4+ Kf6 35. b4 b6 36. Ra7 a5 37. bxa5 bxa5 38. Rxa5 g5 39. Ra6+ Kg7 40. a4 Bd5
41. a5 Bc4 42. Rc6 Bf1 43. a6 Bg2 44. Rd6 f4+ 45. Kf2 Be4 46. hxg5 hxg5 47. gxf4
gxf4 48. a7 1-0

[Event "Druzynowe Mistrzostwa Polski Juniorow - I Liga 2018"]
[Site "Kudowa-Zdroj"]
[Date "1899-12-30"]
[Round "8.28"]
[White "Knapik, Kamil"]
[Black "Dziendziel, Mateusz"]
[Result "1/2-1/2"]
[WhiteTitle "II"]
[BlackTitle "II"]
[WhiteElo "1479"]
[BlackElo "1587"]

1. Nf3 f5 2. d4 Nf6 3. e3 e6 4. Bd2 Be7 5. Bd3 b6 6. Qe2 Bb7 7. b3 O-O 8. O-O Ne4
9. c4 d6 10. Nc3 Nd7 11. Bxe4 fxe4 12. Ne1 Nf6 13. f3 Qe8 14. fxe4 Nxe4 15. Rxf8+
Qxf8 16. Nxe4 Bxe4 17. Nd3 Qf5 18. Nf2 Bb7 19. Re1 e5 20. e4 Qg6 21. d5 Rf8 22.
Qg4 Qxg4 23. Nxg4 Bc8 24. Ne3 Bg5 25. Rf1 Bf4 26. g3 Bxe3+ 27. Bxe3 h6 28. Rxf8+
Kxf8 29. Kf2 Bg4 30. b4 Bd1 31. c5 Ke7 32. c6 Kf6 33. h3 g5 34. a3 Bc2 35. Kf3
Bd1+ 36. Kf2 Kg6 37. Bd2 Kf7 1/2-1/2

[Event "Druzynowe Mistrzostwa Polski Juniorow - I Liga 2018"]
[Site "Kudowa-Zdroj"]
[Date "1899-12-30"]
[Round "8.29"]
[White "Buchta, Agnieszka"]
[Black "Debowska, Michalina"]
[Result "1-0"]
[WhiteTitle "I++"]
[BlackTitle "II+"]
[WhiteElo "1810"]
[BlackElo "1492"]

1. e4 c5 2. Nc3 Nc6 3. Bb5 d6 4. Bxc6+ bxc6 5. d3 Nf6 6. f4 e6 7. Nf3 Be7 8. O-O
O-O 9. e5 Nd5 10. Ne4 Rb8 11. b3 Qc7 12. Qe1 f6 13. Qg3 Nb4 14. Bb2 f5 15. exd6
Bxd6 16. Nxd6 g6 17. Qf2 Ba6 18. Qxc5 Qb6 19. Qxb6 axb6 20. Rf2 Rbd8 21. Be5 Nd5
22. Nd4 Bc8 23. Nxc6 Rd7 24. a4 Ne7 25. Nxe7+ Rxe7 26. Nxc8 Rxc8 27. a5 b5 28.
a6 Ra8 29. Bd4 Rd7 30. Bc5 Rc7 31. b4 Kf7 32. a7 Rc6 33. Ra5 Rc7 34. Rxb5 Rd7
35. Rb8 Rd8 36. Rxa8 Rxa8 37. b5 Ke8 38. b6 1-0

[Event "Druzynowe Mistrzostwa Polski Juniorow - I Liga 2018"]
[Site "Kudowa-Zdroj"]
[Date "1899-12-30"]
[Round "8.30"]
[White "Slusarczyk, Anna"]
[Black "Zniszczol, Wiktoria"]
[Result "0-1"]
[WhiteTitle "II+"]
[BlackTitle "I+"]
[WhiteElo "1078"]
[BlackElo "1568"]

1. e4 d5 2. exd5 Qxd5 3. Nc3 Qd6 4. d4 Nf6 5. Nf3 c6 6. a4 Bg4 7. Be3 Nbd7 8. Bc4
e6 9. O-O Qc7 10. Re1 Bd6 11. h3 Bh5 12. Be2 O-O 13. Qd2 Nb6 14. Bg5 Nbd5 15.
Nxd5 Nxd5 16. Nh4 Bxe2 17. Rxe2 Qb6 18. b3 Bb4 19. Qd3 Bc3 20. Rd1 h6 21. Bxh6
gxh6 22. Re4 Qc7 23. Rg4+ Kh8 24. Qf3 Rg8 25. Rd3 Rxg4 26. Qxg4 Qf4 27. Qxf4 Nxf4
28. Rf3 Ne2+ 29. Kh1 Bxd4 30. Rxf7 b6 31. Rd7 c5 32. Ng6+ Kg8 33. Ne7+ Kf7 34.
Nc6+ Kf6 35. Nxa7 Bxf2 36. Nb5 Re8 37. Rd2 Ng3+ 38. Kh2 Nf1+ 39. Kh1 Nxd2 40.
Nd6 Rd8 41. Nb5 Ne4 42. g3 Be3 43. Kg2 Ng5 44. g4 Rd2+ 45. Kg3 Bf2+ 46. Kg2 Bh4+
47. Kf1 Nf3 48. c4 Rf2# 0-1

[Event "Druzynowe Mistrzostwa Polski Juniorow - I Liga 2018"]
[Site "Kudowa-Zdroj"]
[Date "1899-12-30"]
[Round "9.1"]
[White "Golenia, Jan"]
[Black "Grela, Kacper"]
[Result "1/2-1/2"]
[WhiteTitle "I"]
[BlackTitle "FM"]
[WhiteElo "1986"]
[BlackElo "2320"]

1. d4 Nf6 2. Bg5 Ne4 3. Bf4 e6 4. e3 d5 5. Bd3 b6 6. Ne2 Bb7 7. f3 Nd6 8. Nd2 Be7
9. c4 Nd7 10. Rc1 c5 11. cxd5 exd5 12. O-O O-O 13. Nb1 c4 14. Bc2 b5 15. Ng3 g6
16. e4 Ne8 17. Nc3 a6 18. Qd2 Ng7 19. Kh1 Rc8 20. Be3 Re8 21. f4 dxe4 22. f5 Nf6
23. fxg6 hxg6 24. Ncxe4 Nxe4 25. Bxe4 Bxe4 26. Nxe4 Nf5 27. Rxf5 gxf5 28. Ng3
Rc6 29. Nxf5 Rg6 30. Qf2 Bg5 31. Bxg5 Qxg5 32. Rf1 Rf6 33. g4 Kh8 34. h3 b4 35.
d5 Rxf5 36. Qxf5 Qxf5 37. gxf5 Re2 38. Rd1 c3 39. bxc3 bxc3 40. d6 Rd2 41. Rc1
Rxd6 42. Rxc3 Rd1+ 43. Kg2 Rd2+ 44. Kg3 Rxa2 45. Kg4 Kg7 46. Rc6 a5 47. Ra6 a4
48. Kh5 Rf2 49. Rxa4 Rxf5+ 50. Kg4 Rf6 1/2-1/2

[Event "Druzynowe Mistrzostwa Polski Juniorow - I Liga 2018"]
[Site "Kudowa-Zdroj"]
[Date "1899-12-30"]
[Round "9.2"]
[White "Karykowska, Anna"]
[Black "Golenia, Wojciech"]
[Result "1-0"]
[WhiteTitle "k"]
[BlackTitle "I++"]
[WhiteElo "1869"]
[BlackElo "1984"]

1. e4 d6 2. d4 Nf6 3. Nc3 g6 4. f4 Bg7 5. a3 O-O 6. Nf3 c5 7. dxc5 dxc5 8. Qxd8
Rxd8 9. e5 Nd5 10. Nxd5 Rxd5 11. Bd3 Bf5 12. Bxf5 gxf5 13. Be3 b6 14. Ke2 Nc6
15. Rhd1 e6 16. c4 Rdd8 17. Rxd8+ Rxd8 18. Rd1 Rxd1 19. Kxd1 f6 20. exf6 Bxf6
21. Kc2 Kf7 22. Bd2 Ke7 23. Bc3 h5 24. b4 cxb4 25. axb4 Bxc3 26. Kxc3 a5 27. bxa5
bxa5 28. c5 a4 29. Kb2 Na5 30. Ka3 Nb3 31. Kb4 Kd7 32. Kxa4 Nxc5+ 33. Kb5 Nd3
34. Ne5+ Nxe5 35. fxe5 Kc7 36. h4 Kc8 37. Kc6 Kd8 38. Kd6 1-0

[Event "Druzynowe Mistrzostwa Polski Juniorow - I Liga 2018"]
[Site "Kudowa-Zdroj"]
[Date "1899-12-30"]
[Round "9.3"]
[White "Wrona, Florian"]
[Black "Kejna, Piotr"]
[Result "0-1"]
[WhiteTitle "I"]
[BlackTitle "CM"]
[WhiteElo "1660"]
[BlackElo "1505"]

1. e4 c5 2. Nf3 e6 3. d4 cxd4 4. Nxd4 Bc5 5. Nb3 Bb6 6. Nc3 Ne7 7. Bd3 O-O 8. O-O
f5 9. exf5 Nxf5 10. Ne4 d5 11. Ng5 h6 12. Nf3 Nc6 13. Bf4 Qf6 14. Bxf5 Qxf5 15.
Bg3 Bd7 16. Re1 Be8 17. c3 Bh5 18. Nbd4 Nxd4 19. Nxd4 Bxd1 20. Nxf5 exf5 21. Raxd1
f4 22. Bh4 g5 23. Bxg5 hxg5 24. Rxd5 Bd8 25. g3 fxg3 26. hxg3 Bf6 27. Rb5 b6 28.
Kg2 Rfe8 29. Rd1 Rad8 30. Rxd8 Rxd8 31. Kf3 Kf7 32. Ke4 Ke6 33. a4 Rc8 34. Kd3
Rc5 35. Rb4 Kf5 36. g4+ Ke6 37. Ke4 Be5 38. f3 Bd6 39. Rd4 Re5+ 40. Kd3 Rd5 41.
Kc4 Rxd4+ 42. Kxd4 Bf4 43. Ke4 Bc1 44. b3 Bb2 45. c4 Kd6 46. b4 Bc3 47. Kf5 Bd2
48. Kf6 a5 49. c5+ bxc5 50. bxa5 c4 51. a6 Kc7 52. a7 Kb7 53. a8=Q+ Kxa8 0-1

[Event "Druzynowe Mistrzostwa Polski Juniorow - I Liga 2018"]
[Site "Kudowa-Zdroj"]
[Date "1899-12-30"]
[Round "9.4"]
[White "Eigner, Jerzy"]
[Black "Knapik, Kamil"]
[Result "1/2-1/2"]
[WhiteTitle "II+"]
[BlackTitle "II"]
[WhiteElo "1352"]
[BlackElo "1479"]

1. e4 e5 2. Nf3 Nc6 3. Bc4 Bc5 4. c3 Nf6 5. d4 exd4 6. e5 Ng8 7. cxd4 Bb4+ 8. Bd2
Bxd2+ 9. Nbxd2 d5 10. Bb5 Nge7 11. O-O O-O 12. Rc1 Bd7 13. Nb3 Nxe5 14. dxe5 Bxb5
15. Re1 Ba4 16. Nfd4 c6 17. Qg4 Bxb3 18. Nxb3 Kh8 19. Rcd1 Ng6 20. g3 Qe7 21.
f4 f5 22. exf6 Qxf6 23. Re2 Rae8 24. Rde1 Qf7 25. Kf1 Rxe2 26. Rxe2 Re8 27. Rxe8+
Qxe8 28. h4 Nf8 29. Qf5 Kg8 30. Nd4 Qf7 31. Qe5 Qf6 32. Qxf6 gxf6 33. Kf2 Kf7
34. Kf3 Ne6 35. Nf5 Kg6 36. Nd6 b6 37. Nc8 Nd4+ 38. Kf2 Nb5 39. Ne7+ Kf7 40. Nxc6
a5 41. Ke3 Ke6 42. g4 Kd7 43. Ke4 1/2-1/2

[Event "Druzynowe Mistrzostwa Polski Juniorow - I Liga 2018"]
[Site "Kudowa-Zdroj"]
[Date "1899-12-30"]
[Round "9.5"]
[White "Debowska, Michalina"]
[Black "Lascar, Maria Elena"]
[Result "1/2-1/2"]
[WhiteTitle "II+"]
[BlackTitle "I+"]
[WhiteElo "1492"]
[BlackElo "1604"]

1. e4 c5 2. Nf3 a6 3. d4 cxd4 4. Nxd4 Nf6 5. Bd3 e5 6. Nb3 Be7 7. O-O O-O 8. Nc3
d6 9. h3 b5 10. a3 Nbd7 11. Be3 Nc5 12. Nd2 Nxd3 13. cxd3 d5 14. d4 exd4 15. Bxd4
dxe4 16. Ndxe4 Bb7 17. Re1 Nxe4 18. Nxe4 Bxe4 19. Rxe4 Bf6 20. Rc1 Qd5 21. Qd3
Rfe8 22. Rg4 h5 23. Rf4 Rad8 24. Rd1 Bxd4 25. Rxd4 Qxd4 26. Qxd4 Rxd4 27. Rxd4
Re1+ 28. Kh2 Re2 29. Rd8+ Kh7 30. Ra8 Rxf2 31. Rxa6 Rxb2 32. Rb6 Rb3 33. Kg1 Rxa3
34. Rxb5 Kg6 35. Rb6+ Kg5 36. Kh2 g6 37. Rb5+ f5 38. Rc5 Re3 39. Ra5 Re6 40. Rb5
Kf4 41. Rb4+ Re4 42. Rb6 g5 43. Rb5 h4 44. Rb2 g4 45. Rf2+ Kg5 46. hxg4 fxg4 47.
Rf1 Re2 48. Kh1 Rd2 49. Kg1 Rd6 50. Kh1 h3 51. gxh3 gxh3 52. Rf2 Kg4 53. Kh2 Re6
54. Rb2 Re4 55. Rf2 Re3 56. Rb2 1/2-1/2

[Event "Druzynowe Mistrzostwa Polski Juniorow - I Liga 2018"]
[Site "Kudowa-Zdroj"]
[Date "1899-12-30"]
[Round "9.6"]
[White "Szachniewicz, Weronika"]
[Black "Slusarczyk, Anna"]
[Result "1-0"]
[WhiteTitle "II+"]
[BlackTitle "II+"]
[WhiteElo "1057"]
[BlackElo "1078"]

1. e4 c5 2. Nf3 d6 3. Nc3 Nf6 4. e5 dxe5 5. Nxe5 Be6 6. Bb5+ Nbd7 7. d4 a6 8. Bxd7+
Nxd7 9. Nxd7 Qxd7 10. dxc5 Qc6 11. Qf3 Qxf3 12. gxf3 g6 13. Bd2 Bg7 14. O-O-O
Rc8 15. Na4 O-O 16. Bc3 Bxc3 17. Nxc3 Rxc5 18. Rd4 a5 19. Rhd1 Rh5 20. h4 f5 21.
Nd5 Bxd5 22. Rxd5 Rxh4 23. Rxa5 Rh2 24. Rd7 Rxf2 25. Rxe7 Rd8 26. b3 Rc8 27. c4
Rh2 28. Rxb7 Re8 29. Rd7 h5 30. c5 h4 31. c6 h3 32. c7 Rhe2 33. Ra6 h2 34. Rxg6+
Kf8 35. Rh6 Kg8 36. Rd8 Re1+ 37. Kb2 h1=Q 38. Rxh1 Rxh1 39. Rxe8+ Kf7 40. c8=Q
1-0

[Event "Druzynowe Mistrzostwa Polski Juniorow - I Liga 2018"]
[Site "Kudowa-Zdroj"]
[Date "1899-12-30"]
[Round "9.7"]
[White "Brozyna, Mateusz"]
[Black "Teclaf, Pawel"]
[Result "1/2-1/2"]
[WhiteTitle "k"]
[BlackTitle "CM"]
[WhiteElo "2098"]
[BlackElo "2399"]

1. e4 c5 2. Nf3 d6 3. d4 cxd4 4. Nxd4 Nf6 5. Nc3 a6 6. Bc4 e6 7. O-O Be7 8. a4
Nc6 9. Kh1 O-O 10. Ba2 Nb4 11. Bb3 d5 12. exd5 Nbxd5 13. Nxd5 Nxd5 14. c3 Bf6
15. Bc2 Qc7 16. Nf3 g6 17. Bg5 Bg7 18. Qd2 b6 19. Bh6 Bb7 20. Bxg7 Kxg7 21. Qd4+
Nf6 22. Qe5 Rac8 23. Qg3 b5 24. axb5 axb5 25. Qxc7 Rxc7 26. Bd1 Bd5 27. Be2 Rb8
28. Rfc1 b4 29. c4 Bxf3 30. Bxf3 Nd7 31. Ra5 Rc5 32. Ra4 g5 33. g3 Ne5 34. Be2
g4 35. Kg2 h5 36. b3 Rc7 1/2-1/2

[Event "Druzynowe Mistrzostwa Polski Juniorow - I Liga 2018"]
[Site "Kudowa-Zdroj"]
[Date "1899-12-30"]
[Round "9.8"]
[White "Galuszka, Tomasz"]
[Black "Pietrzak, Tomasz"]
[Result "1-0"]
[WhiteTitle "I+"]
[BlackTitle "II"]
[WhiteElo "1989"]
[BlackElo "1617"]

1. Nf3 d5 2. g3 e6 3. Bg2 Nf6 4. O-O Be7 5. d3 b6 6. Nbd2 Bb7 7. Re1 O-O 8. c3
c5 9. Qc2 Qc7 10. e4 Nc6 11. Nf1 dxe4 12. dxe4 e5 13. Bg5 Rad8 14. Ne3 Nb8 15.
Bxf6 Bxf6 16. Nd5 Bxd5 17. exd5 g6 18. Nd2 Bg7 19. Rad1 f5 20. Nc4 Rfe8 21. a4
Qd7 22. b4 b5 23. axb5 Qxb5 24. Bf1 Qb7 25. bxc5 Qc7 26. c6 h5 27. Na3 h4 28.
Nb5 Qb6 29. c7 Rd7 30. cxb8=Q Rxb8 31. c4 a6 32. c5 Qd8 33. c6 axb5 34. cxd7 Qxd7
35. Qc6 Qa7 36. d6 hxg3 37. hxg3 Rd8 38. d7 f4 39. gxf4 Qa3 40. Qe6+ Kh7 41. Qh3+
1-0

[Event "Druzynowe Mistrzostwa Polski Juniorow - I Liga 2018"]
[Site "Kudowa-Zdroj"]
[Date "1899-12-30"]
[Round "9.9"]
[White "Suder, Jakub"]
[Black "Adamczyk, Zuzanna"]
[Result "1/2-1/2"]
[WhiteTitle "I+"]
[BlackTitle "I++"]
[WhiteElo "1837"]
[BlackElo "1722"]

1. d4 Nf6 2. c4 e6 3. Nc3 Bb4 4. Qc2 d5 5. a3 Bxc3+ 6. Qxc3 O-O 7. Bg5 c6 8. e3
Ne4 9. Bxd8 Nxc3 10. Bh4 Ne4 11. f3 Nf6 12. cxd5 cxd5 13. Bd3 Nc6 14. b4 a6 15.
Kd2 Nd7 16. Ne2 e5 17. Rac1 f5 18. Bb1 Nb6 19. Ba2 Be6 20. Rhd1 exd4 21. Nxd4
Nxd4 22. exd4 Rac8 23. Rc5 Nd7 24. Rcc1 Nb6 25. Rc5 Nd7 26. Rxc8 Rxc8 27. Re1
Kf7 28. Bxd5 Bxd5 29. Re7+ Kf8 30. Rxd7 Bc6 31. Re7 Rd8 32. Rf7+ Kxf7 33. Bxd8
Ke6 34. Bb6 f4 35. Bc7 Kf5 36. Ke2 b5 37. Kf2 g5 38. g3 Bd5 39. Bd8 h6 40. h4
Kg6 41. Be7 Bc6 42. Bd6 Kf5 43. h5 fxg3+ 44. Kxg3 Be8 45. Bf8 Bxh5 46. Bxh6 Bf7
47. Kf2 Bd5 48. Ke3 Bc6 49. f4 g4 50. Kf2 Bd5 51. Kg3 Bc6 52. Bg5 Ke5 1/2-1/2

[Event "Druzynowe Mistrzostwa Polski Juniorow - I Liga 2018"]
[Site "Kudowa-Zdroj"]
[Date "1899-12-30"]
[Round "9.10"]
[White "Dziendziel, Mateusz"]
[Black "Dziewonski, Dariusz"]
[Result "0-1"]
[WhiteTitle "II"]
[BlackTitle "I"]
[WhiteElo "1587"]
[BlackElo "1733"]

1. e4 c5 2. Nc3 e6 3. f4 Nc6 4. Nf3 d6 5. Bb5 Nge7 6. O-O a6 7. Be2 Qc7 8. Qe1
g6 9. d3 Bg7 10. Qh4 Nd4 11. Bd1 Nec6 12. Bd2 Qe7 13. Qg3 O-O 14. h4 b5 15. h5
Bd7 16. Qh2 b4 17. Na4 Nxf3+ 18. gxf3 Rab8 19. c3 a5 20. Kf2 Rfc8 21. hxg6 hxg6
22. Rh1 Qf6 23. Bc2 bxc3 24. bxc3 Nd8 25. Qh7+ Kf8 26. Rab1 Bxa4 27. Bxa4 d5 28.
Bd7 Rxb1 29. Rxb1 Rc7 30. Bb5 Rb7 31. a4 Nc6 32. e5 Qf5 33. Rg1 Rxb5 34. axb5
Ne7 35. Rb1 Qxd3 36. Rb2 d4 37. b6 Nc6 38. b7 Nb8 39. Qh1 dxc3 40. Bxc3 Qxc3 41.
Qb1 Qd4+ 42. Kg3 Bh6 43. Kg2 Bxf4 44. Rc2 Bxe5 45. Qb6 c4 46. Qxa5 c3 47. Qa3+
Kg7 48. Qb3 Qd5 49. Qb6 Qd4 50. Qb3 Qf4 51. Rf2 Qg3+ 52. Kf1 Bd4 0-1

[Event "Druzynowe Mistrzostwa Polski Juniorow - I Liga 2018"]
[Site "Kudowa-Zdroj"]
[Date "1899-12-30"]
[Round "9.11"]
[White "Mazanowska, Aniela"]
[Black "Buchta, Agnieszka"]
[Result "1-0"]
[WhiteTitle "II"]
[BlackTitle "I++"]
[WhiteElo "1313"]
[BlackElo "1810"]

1. e4 c5 2. d4 cxd4 3. c3 dxc3 4. Nxc3 Nc6 5. Bf4 a6 6. Bc4 e6 7. Nf3 Nge7 8. O-O
Ng6 9. Bg3 Be7 10. e5 O-O 11. Re1 Qc7 12. Rc1 Qb8 13. h4 Rd8 14. h5 Nf8 15. Ne4
b5 16. Bd3 Bb7 17. a3 b4 18. a4 Ra7 19. Nd6 Bxd6 20. exd6 Na5 21. Ne5 Bd5 22.
h6 g6 23. Qg4 Qxd6 24. Qg5 Re8 25. Qf6 Qe7 26. Qg7# 1-0

[Event "Druzynowe Mistrzostwa Polski Juniorow - I Liga 2018"]
[Site "Kudowa-Zdroj"]
[Date "1899-12-30"]
[Round "9.12"]
[White "Zniszczol, Wiktoria"]
[Black "Czarnecka, Lidia"]
[Result "1/2-1/2"]
[WhiteTitle "I+"]
[BlackTitle "I++"]
[WhiteElo "1568"]
[BlackElo "1767"]

1. e4 c5 2. Ne2 d6 3. g3 g6 4. Bg2 Bg7 5. c3 Nc6 6. d3 e6 7. Nd2 Nge7 8. O-O O-O
9. f4 b6 10. g4 f5 11. h3 Bb7 12. Nf3 d5 13. e5 Rc8 14. g5 Qc7 15. Bd2 Rfd8 16.
Rc1 Nb8 17. Ne1 Nd7 18. Nc2 Ba6 19. Rf3 Bf8 20. d4 c4 21. Nb4 Bb7 22. Rg3 b5 23.
Kh2 Qb6 24. Ng1 a5 25. Nc2 Nb8 26. h4 Nbc6 27. Rb1 Rb8 28. Ne3 Ba6 29. Bf1 Rdc8
30. Ng2 Rb7 31. Ne1 Rcb8 32. h5 Qa7 33. Rh3 Bg7 34. Ngf3 b4 35. Kg2 Kf7 36. Rh2
Bb5 1/2-1/2

[Event "Druzynowe Mistrzostwa Polski Juniorow - I Liga 2018"]
[Site "Kudowa-Zdroj"]
[Date "1899-12-30"]
[Round "9.13"]
[White "Woloch, Oskar"]
[Black "Bilczewski, Kacper"]
[Result "0-1"]
[WhiteTitle "k"]
[BlackTitle "k+"]
[WhiteElo "2137"]
[BlackElo "2093"]

1. e4 e6 2. d3 b6 3. Nd2 Bb7 4. f4 d5 5. Ngf3 Nf6 6. e5 Nfd7 7. g3 c5 8. Bg2 Nc6
9. O-O Qc7 10. c3 O-O-O 11. Qe2 Be7 12. Re1 h6 13. Nf1 Rdg8 14. g4 g5 15. h3 h5
16. fxg5 hxg4 17. hxg4 Nf8 18. Ng3 Nh7 19. Bf4 Nxg5 20. Qe3 Nh3+ 21. Bxh3 Rxh3
22. Kg2 Rh7 23. g5 Rgh8 24. Rh1 Qd8 25. Rh6 Bf8 26. Rxh7 Rxh7 27. Qe2 Be7 28.
Rh1 Rxh1 29. Kxh1 Qh8+ 30. Kg1 Qh7 31. Ne1 Bd8 32. Qh5 Qxh5 33. Nxh5 Bc7 34. Nf3
Ba6 35. Kf2 Bxd3 36. Nf6 Bf5 37. Ke3 b5 38. Ne8 Bg4 39. Nh2 Bh5 40. Nf6 Bg6 41.
Nhg4 Kd8 42. a3 Na5 43. b4 Nc4+ 44. Ke2 Nxa3 45. bxc5 Nc4 46. c6 a5 47. Nd7 a4
48. Ne3 a3 49. Nxc4 a2 0-1

[Event "Druzynowe Mistrzostwa Polski Juniorow - I Liga 2018"]
[Site "Kudowa-Zdroj"]
[Date "1899-12-30"]
[Round "9.14"]
[White "Polczyk, Mikolaj"]
[Black "Lambrecht, Tomasz"]
[Result "1/2-1/2"]
[WhiteTitle "I+"]
[BlackTitle "II"]
[WhiteElo "2061"]
[BlackElo "1544"]

1. d4 c5 2. d5 e5 3. dxe6 fxe6 4. e4 d5 5. exd5 exd5 6. Bb5+ Bd7 7. Qe2+ Qe7 8.
Nc3 d4 9. Bxd7+ Nxd7 10. Nb5 Qxe2+ 11. Nxe2 Kf7 12. Bf4 Ngf6 13. O-O-O Ne4 14.
Rhf1 a6 15. f3 Nef6 16. Nc7 Rc8 17. Rfe1 Be7 18. Ng1 h6 19. Ne6 Rhe8 20. c4 Rc6
21. Nc7 Rc8 22. Nh3 R8xc7 23. Bxc7 Rxc7 24. Nf4 Bd6 25. Ne6 Rc8 26. f4 Re8 27.
f5 Nf8 28. Nxf8 Kxf8 29. Rxe8+ Nxe8 30. b4 1/2-1/2

[Event "Druzynowe Mistrzostwa Polski Juniorow - I Liga 2018"]
[Site "Kudowa-Zdroj"]
[Date "1899-12-30"]
[Round "9.15"]
[White "Gorkiewicz, Mateusz"]
[Black "Turski, Bartlomiej"]
[Result "1/2-1/2"]
[WhiteTitle "I"]
[BlackTitle "I"]
[WhiteElo "1870"]
[BlackElo "1893"]

1. e4 c5 2. Nf3 d6 3. d4 cxd4 4. Qxd4 Nc6 5. Bb5 a6 6. Bxc6+ bxc6 7. c4 e5 8. Qd3
h6 9. O-O Qc7 10. Nc3 Nf6 11. h3 Be7 12. b3 O-O 13. Rd1 Be6 14. Be3 Rfd8 15. Rac1
Qb8 16. Qe2 d5 17. cxd5 cxd5 18. exd5 Nxd5 19. Nxd5 Bxd5 20. Bc5 Bf6 21. Nd2 Qb7
22. f3 Rac8 23. Be3 Be7 24. Nc4 e4 25. f4 Bxc4 26. Rxd8+ Rxd8 27. Rxc4 Rd3 28.
Bf2 f5 29. Rd4 Rxd4 30. Bxd4 Qd5 31. Qe3 Bd6 32. g3 h5 33. h4 Be7 34. Qc3 Bf6
1/2-1/2

[Event "Druzynowe Mistrzostwa Polski Juniorow - I Liga 2018"]
[Site "Kudowa-Zdroj"]
[Date "1899-12-30"]
[Round "9.16"]
[White "Panek, Bartosz"]
[Black "Musin, Pawel"]
[Result "1-0"]
[WhiteTitle "I"]
[BlackTitle "II"]
[WhiteElo "1831"]
[BlackElo "1202"]

1. d4 d5 2. c4 c6 3. Nc3 Nf6 4. Nf3 Bf5 5. g3 g6 6. Bg2 Bg7 7. O-O O-O 8. Bf4 Ne4
9. Rc1 Nxc3 10. bxc3 Nd7 11. Qb3 Qb6 12. cxd5 Qxb3 13. axb3 cxd5 14. Nd2 Nb6 15.
Bc7 e6 16. f3 g5 17. e4 dxe4 18. fxe4 Bg6 19. Ra1 Rfc8 20. Bxb6 axb6 21. Nc4 Rxa1
22. Rxa1 h6 23. e5 b5 24. Bxb7 Rc7 25. Nd6 Rxc3 26. Nxb5 Rxb3 27. Bc6 Rb1+ 28.
Rxb1 Bxb1 29. Nd6 Bg6 30. Kf2 Bb1 31. Ke3 Bc2 32. Kd2 Bb1 33. Be4 Bxe4 34. Nxe4
Bf8 35. Kc3 Kg7 36. g4 Ba3 37. Kc4 Bb2 38. Nd6 Kf8 39. Ne4 Kg7 40. Ng3 Bc1 41.
Ne2 Ba3 42. Kb3 Be7 43. Ng3 Bd8 44. Kc4 Ba5 45. Kc5 Bc3 46. Ne2 Ba5 47. Kc6 Bd2
48. Kd6 Bb4+ 49. Kd7 Bd2 50. Kc6 Bf4 51. h4 Be3 52. h5 Bf2 53. d5 exd5 54. Kxd5
Be3 55. Ng3 Bc1 56. Nf5+ Kh7 57. e6 fxe6+ 58. Kxe6 Bb2 59. Kf7 Ba3 60. Ne3 Bc1
61. Nd5 Bd2 62. Nf6+ Kh8 63. Ne4 Bc1 64. Kg6 Be3 65. Kxh6 Bc1 66. Kg6 Be3 67.
Nxg5 Bxg5 68. Kxg5 Kg7 69. Kf5 Kh6 70. Kf6 Kh7 71. g5 Kg8 72. g6 Kh8 73. h6 Kg8
74. g7 1-0

[Event "Druzynowe Mistrzostwa Polski Juniorow - I Liga 2018"]
[Site "Kudowa-Zdroj"]
[Date "1899-12-30"]
[Round "9.17"]
[White "Karlyk, Maria"]
[Black "Stebel, Agata"]
[Result "1-0"]
[WhiteTitle "I"]
[BlackTitle "k"]
[WhiteElo "1726"]
[BlackElo "1859"]

1. e4 e5 2. Nf3 Nf6 3. Nc3 Nc6 4. d4 exd4 5. Nxd4 Bc5 6. Be3 Bb4 7. Nxc6 bxc6 8.
Qd4 Qe7 9. e5 c5 10. exf6 cxd4 11. fxe7 dxc3 12. b3 Bxe7 13. Bd4 O-O 14. Bxc3
Bg5 15. Bd3 Re8+ 16. Kd1 Bb7 17. f3 c5 18. Bd2 Bf6 19. c3 Bc6 20. Kc2 d5 21. Rae1
Be5 22. f4 Bd6 23. Rxe8+ Bxe8 24. g3 a5 25. a4 c4 26. bxc4 Bxa4+ 27. Kb2 Rb8+
28. Ka1 dxc4 29. Bxc4 Bc2 30. Rc1 Bf5 31. Ka2 a4 32. Be3 Kf8 33. Bd4 f6 34. Rd1
Ke7 35. Bd3 Be6+ 36. Ka1 Bb3 37. Re1+ Kf7 38. Re2 g6 39. Bb1 f5 40. Ba2 1-0

[Event "Druzynowe Mistrzostwa Polski Juniorow - I Liga 2018"]
[Site "Kudowa-Zdroj"]
[Date "1899-12-30"]
[Round "9.18"]
[White "Bugaj, Hanna"]
[Black "Mytnik, Kinga"]
[Result "0-1"]
[WhiteTitle "I"]
[BlackTitle "I"]
[WhiteElo "1356"]
[BlackElo "1446"]

1. d4 d6 2. Nf3 Bg4 3. e4 Nd7 4. c4 e5 5. d5 Nc5 6. Nc3 a5 7. Be2 Nf6 8. Qc2 Be7
9. O-O h6 10. Be3 Nfd7 11. Ne1 Bxe2 12. Qxe2 O-O 13. Nd3 Nxd3 14. Qxd3 Bg5 15.
Na4 Rb8 16. Bxg5 Qxg5 17. a3 f5 18. f3 Rf6 19. b4 axb4 20. axb4 Rg6 21. Qe2 Nf6
22. Rf2 Nh5 23. Qf1 Rf8 24. Nc3 Qe3 25. exf5 Rxf5 26. Nd1 Qd4 27. Ra3 Rfg5 28.
Ne3 Qh4 29. Ng4 Nf4 30. g3 Nh3+ 31. Kg2 Qh5 32. Rfa2 Rf5 33. Ne3 Rf7 34. g4 Nf4+
35. Kg3 Qg5 36. h4 Qf6 37. Ra8+ Kh7 38. R2a7 b6 39. Rb7 Nh5+ 40. Kh3 Nf4+ 41.
Kg3 Nh5+ 42. Kh3 Qf4 43. Qf2 Qxf3+ 44. Qxf3 Rxf3+ 45. Kh2 Nf4 46. Rbb8 Rf6 47.
h5 Rh3+ 48. Kg1 Ne2+ 49. Kg2 Rg3+ 50. Kh1 Rg1+ 51. Kh2 Rf2+ 52. Ng2 Rfxg2+ 53.
Kh3 Nf4+ 54. Kh4 Rh2# 0-1

[Event "Druzynowe Mistrzostwa Polski Juniorow - I Liga 2018"]
[Site "Kudowa-Zdroj"]
[Date "1899-12-30"]
[Round "9.19"]
[White "Fus, Jakub"]
[Black "Janiszewski, Filip"]
[Result "1-0"]
[WhiteTitle "k"]
[BlackTitle "I++"]
[WhiteElo "2195"]
[BlackElo "1953"]

1. d4 Nf6 2. c4 g6 3. Nc3 d5 4. Bf4 Bg7 5. e3 c6 6. Nf3 O-O 7. Rc1 a6 8. h3 b5
9. b3 Bf5 10. g4 Be4 11. Bg2 Nbd7 12. O-O Rc8 13. Nxe4 Nxe4 14. Qc2 bxc4 15. bxc4
Nb6 16. Ne5 Bxe5 17. dxe5 Nc5 18. cxd5 cxd5 19. Bh6 Re8 20. Qe2 Qd7 21. Rfd1 Red8
22. Qb2 Nba4 23. Qa1 Qe6 24. Qd4 Qb6 25. e6 f6 26. g5 Qxe6 27. Bxd5 Rxd5 28. Qxd5
Qxd5 29. Rxd5 f5 30. Rc4 Kf7 31. Kg2 Kg8 32. Rcd4 Kf7 33. Rd8 Rxd8 34. Rxd8 Nc3
35. Rh8 Nxa2 36. Rxh7+ Ke8 37. Rg7 a5 38. Rxg6 a4 39. Rg8+ Kf7 40. Rg7+ Ke8 41.
g6 Ne6 42. Rg8+ Kd7 43. g7 1-0